<?xml version='1.0' encoding='UTF-8'?>
  <record xmlns="http://www.loc.gov/MARC21/slim">
    <leader>00000cam a2200000 i 4500</leader>
    <controlfield tag="001">ocn150231094</controlfield>
    <controlfield tag="003">OCoLC</controlfield>
    <controlfield tag="005">20260316045802.8</controlfield>
    <controlfield tag="008">070421m14871488sz            000 0 lat d</controlfield>
    <datafield tag="040" ind1=" " ind2=" ">
      <subfield code="a">NLGGC</subfield>
      <subfield code="b">eng</subfield>
      <subfield code="e">rda</subfield>
      <subfield code="e">dcrmr</subfield>
      <subfield code="c">NLGGC</subfield>
      <subfield code="d">OCLCL</subfield>
      <subfield code="d">OCLCQ</subfield>
      <subfield code="d">QGJ</subfield>
      <subfield code="d">OCLCO</subfield>
      <subfield code="d">QGJ</subfield>
    </datafield>
    <datafield tag="029" ind1="0" ind2=" ">
      <subfield code="a">NLGGC</subfield>
      <subfield code="b">302272267</subfield>
    </datafield>
    <datafield tag="035" ind1=" " ind2=" ">
      <subfield code="a">(OCoLC)150231094</subfield>
    </datafield>
    <datafield tag="100" ind1="0" ind2=" ">
      <subfield code="a">Niccolò,</subfield>
      <subfield code="c">de' Tudeschi,</subfield>
      <subfield code="d">1386-1445.</subfield>
      <subfield code="1">https://id.oclc.org/worldcat/entity/E39PBJrgJ4PFRYfYxVrFcVhfv3</subfield>
    </datafield>
    <datafield tag="240" ind1="1" ind2="0">
      <subfield code="a">Lectura super V libris Decretalium</subfield>
    </datafield>
    <datafield tag="245" ind1="1" ind2="0">
      <subfield code="a">Lectura d[omi]ni Nicolai Abbatis siculi sup[er] secu[n]da p[arte] primi libri [-tertia parte] decretaliu[m]</subfield>
    </datafield>
    <datafield tag="246" ind1="3" ind2=" ">
      <subfield code="a">Super quinque libros Decretalium</subfield>
    </datafield>
    <datafield tag="246" ind1="1" ind2=" ">
      <subfield code="i">Title according to ISTC:</subfield>
      <subfield code="a">Lectura super V libris Decretalium</subfield>
    </datafield>
    <datafield tag="246" ind1="1" ind2=" ">
      <subfield code="i">Title according to GW:</subfield>
      <subfield code="a">Super libros Decretalium.</subfield>
      <subfield code="p">I–V</subfield>
    </datafield>
    <datafield tag="246" ind1="1" ind2=" ">
      <subfield code="i">Title according to IDL:</subfield>
      <subfield code="a">Super V libros Decretalium</subfield>
    </datafield>
    <datafield tag="246" ind1="1" ind2=" ">
      <subfield code="i">Title according to BSB-Ink:</subfield>
      <subfield code="a">Lectura super quinque libros Decretalium</subfield>
    </datafield>
    <datafield tag="264" ind1=" " ind2="1">
      <subfield code="a">Basilee :</subfield>
      <subfield code="b">p[er] magistru[m] Joanne[m] de Amerbach.,</subfield>
      <subfield code="c">[M.cccc]lxxxvij [1487]-M.cccclxxxviij. [1488]</subfield>
    </datafield>
    <datafield tag="300" ind1=" " ind2=" ">
      <subfield code="a">3 parts in 4 bindings ([354]; [264]; [176]; [162]; [268]) leaves ;</subfield>
      <subfield code="c">35 cm (folio)</subfield>
    </datafield>
    <datafield tag="336" ind1=" " ind2=" ">
      <subfield code="a">text</subfield>
      <subfield code="b">txt</subfield>
      <subfield code="2">rdacontent</subfield>
    </datafield>
    <datafield tag="337" ind1=" " ind2=" ">
      <subfield code="a">unmediated</subfield>
      <subfield code="b">n</subfield>
      <subfield code="2">rdamedia</subfield>
    </datafield>
    <datafield tag="338" ind1=" " ind2=" ">
      <subfield code="a">volume</subfield>
      <subfield code="b">nc</subfield>
      <subfield code="2">rdacarrier</subfield>
    </datafield>
    <datafield tag="340" ind1=" " ind2=" ">
      <subfield code="m">folio</subfield>
      <subfield code="2">rdabf</subfield>
    </datafield>
    <datafield tag="340" ind1=" " ind2=" ">
      <subfield code="k">2 columns</subfield>
    </datafield>
    <datafield tag="500" ind1=" " ind2=" ">
      <subfield code="a">Title from colophon part 1.</subfield>
    </datafield>
    <datafield tag="500" ind1=" " ind2=" ">
      <subfield code="a">Publication statement from colophons part 1 and 2.2.</subfield>
    </datafield>
    <datafield tag="500" ind1=" " ind2=" ">
      <subfield code="a">Complete: 6 parts. Part VI: Repertorium quaestionum super Nicolaum de Tudeschis, by Alonso Díaz de Montalvo, and edited by Ludovicus de Campis.</subfield>
    </datafield>
    <datafield tag="500" ind1=" " ind2=" ">
      <subfield code="a">Part 1: leaf a1 verso: table of contents: Tituli primi libri. At head of page: I.</subfield>
    </datafield>
    <datafield tag="500" ind1=" " ind2=" ">
      <subfield code="a">Part 1: first line leaf a2 recto: gRegorius episcopus. Quoniam omnis ratio sup[er]ne creature v[e]l terrene scientie in deo est. At head of page: L I Proemium</subfield>
    </datafield>
    <datafield tag="500" ind1=" " ind2=" ">
      <subfield code="a">Part 1: contains also (leaf cc1 verso-kk6recto): Butrio, Antonio de. Super primo libro Decretalium, with incipit: Incipit lectura excellentissimi vtriusq[ue] iuris interpretis d[omi]ni Anto. de butrio a.c. in p[re]sentia de re nunc. vsq[ue] ad titulum de offi[cio]. dele[gati]. su[per] quibus d[omi]n[u]s Abbas no[n] scripsit v[e]l si scripsit reperiri no[n] potuit.; and explicit: Explicita est lectura d[omi]ni Antonij de butrio sup[er] titulis sup[er] quibus d[omi]n[u]s Abbas no[n] scripsit.</subfield>
    </datafield>
    <datafield tag="500" ind1=" " ind2=" ">
      <subfield code="a">Part 1: colophon (leaf Q8 recto): Explicit est lectura d[omi]ni Nicolai Abbatis siculi sup[er] secu[n]da parte primi libri decretaliu[m] Impressa Basilee p[er] magistru[m] Joanne[m] de Amerbach. Anno d[omi]ni M.cccclxxxviij.</subfield>
    </datafield>
    <datafield tag="500" ind1=" " ind2=" ">
      <subfield code="a">Part 2.1: leaf a1 verso: table of contents: Tituli secundi libri</subfield>
    </datafield>
    <datafield tag="500" ind1=" " ind2=" ">
      <subfield code="a">Part 2.1: first line leaf a2 recto: qUonia[m] hic principiu[m] voluminis no[n] existit. id[e]o in p[ro]emio [et] preludijs aliter instare no[n] censui. At head of page: L II De iudicijs</subfield>
    </datafield>
    <datafield tag="500" ind1=" " ind2=" ">
      <subfield code="a">Part 2.1. colophon (leaf 11.8 recto): Explicita est lectura d[omi]ni  Nicolai siculi sup[er] p[ri]ma parte secundi libri decretalium. impressa Basilee per magistru[m] Joanne[m] de Amerbach. Anno lxxxvij.</subfield>
    </datafield>
    <datafield tag="500" ind1=" " ind2=" ">
      <subfield code="a">Part 2.2: first line leaf A2 recto: hEc rubrica satis [con]tinuata fuit sup[er]ius in precede[n]ti rubrica s[ed] magis specifice po[tes]t sic co[n]tinuari. At head of page: L II De probationibus</subfield>
    </datafield>
    <datafield tag="500" ind1=" " ind2=" ">
      <subfield code="a">Part 2.2: colophon (leaf y8 recto): Explicata est lectura domini Nicolai siculi super secunda parte secundi libri decretalium. Impressa Basilee per magistrum Joannem de Amerbach Anno domini M.cccc.lxxxvij.</subfield>
    </datafield>
    <datafield tag="500" ind1=" " ind2=" ">
      <subfield code="a">Part 2.3: first line leaf Aa2 recto: [V]iso de iure acto[rum] q[uo] muniunt[ur] vt lanceis seu gladijs merito s[u]bijcit[ur] ius reor[um] quo muniu[n]tur clypeis et loricis.</subfield>
    </datafield>
    <datafield tag="500" ind1=" " ind2=" ">
      <subfield code="a">Part 2.3: colophon (leaf Vv9 verso): Explicata est lectura d[omi]ni Nicolai Abbatis siculi super tertia parte secundi libri decretaliu[m] Impressa Basilee per magistru[m] Joanne[m] de Amerbach. Anno d[omi]ni [et]c. M.cccclxxxviij.</subfield>
    </datafield>
    <datafield tag="500" ind1=" " ind2=" ">
      <subfield code="a">Part 3: leaf A1 verso: table of contents: Tituli tertij libri.</subfield>
    </datafield>
    <datafield tag="500" ind1=" " ind2=" ">
      <subfield code="a">Part 3: first line leaf A2 (signed A) recto: De vita [et] honestate clericorum. r[ubr]ica. oMnipotentis dei postula suffragio vt oste[n]dam in volumine ordine[m] fuisse seruatu[m]. At head of page: III De vi[ta]. et hone[state]. cleri[corum].</subfield>
    </datafield>
    <datafield tag="500" ind1=" " ind2=" ">
      <subfield code="a">Part 3: colophon (leaf KK9 verso): Explicata est lectura domini Nicolai abbatis siculi supra tertio libro decretalium Impressa Basilee p[er] magistrum Joannem de Amerbach. Anno domini. M.cccc.lxxxviij.</subfield>
    </datafield>
    <datafield tag="500" ind1=" " ind2=" ">
      <subfield code="a">Text printed in two columns.</subfield>
    </datafield>
    <datafield tag="500" ind1=" " ind2=" ">
      <subfield code="a">Capital spaces with guide letters.</subfield>
    </datafield>
    <datafield tag="500" ind1=" " ind2=" ">
      <subfield code="a">Signatures part 1: a-t⁸ aa-hh⁸ ii-kk⁶ A-O⁸ P⁶ Q⁸; a1r and Q8v are blank.</subfield>
    </datafield>
    <datafield tag="500" ind1=" " ind2=" ">
      <subfield code="a">Signatures part 2.1: a-y⁸ 1-11⁸; a1r and 11.8v are blank.</subfield>
    </datafield>
    <datafield tag="500" ind1=" " ind2=" ">
      <subfield code="a">Signatures part 2.2: A-Y⁸; A1 and Y8v are blank.</subfield>
    </datafield>
    <datafield tag="500" ind1=" " ind2=" ">
      <subfield code="a">Signatures part 2.3: Aa-Tt⁸ Vv¹⁰; Aa1 and Vv10 are blank.</subfield>
    </datafield>
    <datafield tag="500" ind1=" " ind2=" ">
      <subfield code="a">Signatures part 3: A-Z⁸ AA-HH⁸ II-KK¹⁰; A1v and KK10v are blank; A2 signed A1</subfield>
    </datafield>
    <datafield tag="510" ind1="4" ind2=" ">
      <subfield code="a">Incunabula short title catalogue,</subfield>
      <subfield code="c">ip00051000</subfield>
      <subfield code="u">https://data.cerl.org/istc/ip00051000</subfield>
    </datafield>
    <datafield tag="510" ind1="4" ind2=" ">
      <subfield code="a">Gesamtkatalog der Wiegendrucke,</subfield>
      <subfield code="c">M47787</subfield>
      <subfield code="u">https://www.gesamtkatalogderwiegendrucke.de/docs/M47787.htm</subfield>
    </datafield>
    <datafield tag="510" ind1="4" ind2=" ">
      <subfield code="a">Incunabula in Dutch Libraries,</subfield>
      <subfield code="c">4495</subfield>
    </datafield>
    <datafield tag="510" ind1="4" ind2=" ">
      <subfield code="a">Bayerische Staatsbibliotheek Inkunabelkatalog,</subfield>
      <subfield code="c">T-517</subfield>
      <subfield code="u">https://inkunabeln.digitale-sammlungen.de/Ausgabe_T-517.html</subfield>
    </datafield>
    <datafield tag="588" ind1=" " ind2=" ">
      <subfield code="a">Description based op incomplete set Utrecht University Library</subfield>
      <subfield code="5">NL-UtRU</subfield>
    </datafield>
    <datafield tag="650" ind1=" " ind2="0">
      <subfield code="a">Canon law</subfield>
      <subfield code="v">Early works to 1800.</subfield>
    </datafield>
    <datafield tag="650" ind1=" " ind2="6">
      <subfield code="a">Droit canonique</subfield>
      <subfield code="v">Ouvrages avant 1800.</subfield>
    </datafield>
    <datafield tag="650" ind1=" " ind2="7">
      <subfield code="a">Canon law</subfield>
      <subfield code="2">fast</subfield>
    </datafield>
    <datafield tag="650" ind1=" " ind2="7">
      <subfield code="a">Incunabula</subfield>
      <subfield code="2">fast</subfield>
    </datafield>
    <datafield tag="655" ind1=" " ind2="7">
      <subfield code="a">incunabula (books)</subfield>
      <subfield code="2">aat</subfield>
    </datafield>
    <datafield tag="655" ind1=" " ind2="7">
      <subfield code="a">Early works</subfield>
      <subfield code="2">fast</subfield>
    </datafield>
    <datafield tag="655" ind1=" " ind2="7">
      <subfield code="a">Incunabula.</subfield>
      <subfield code="2">lcgft</subfield>
    </datafield>
    <datafield tag="655" ind1=" " ind2="7">
      <subfield code="a">Incunabula.</subfield>
      <subfield code="2">rbgenr</subfield>
    </datafield>
    <datafield tag="655" ind1=" " ind2="7">
      <subfield code="a">Incunables.</subfield>
      <subfield code="2">rvmgf</subfield>
    </datafield>
    <datafield tag="700" ind1="1" ind2=" ">
      <subfield code="a">Butrio, Antonius de,</subfield>
      <subfield code="d">1338-1408,</subfield>
      <subfield code="e">contributor.</subfield>
      <subfield code="4">ctb</subfield>
      <subfield code="1">https://id.oclc.org/worldcat/entity/E39PBJhhpdDwHJcV87DbwPMtrq</subfield>
    </datafield>
    <datafield tag="700" ind1="1" ind2="2">
      <subfield code="i">Container of (work):</subfield>
      <subfield code="a">Butrio, Antonius de,</subfield>
      <subfield code="d">1338-1408.</subfield>
      <subfield code="t">Super primo libro Decretalium.</subfield>
    </datafield>
    <datafield tag="700" ind1="1" ind2=" ">
      <subfield code="a">Amerbach, Johannes,</subfield>
      <subfield code="d">1441?-1513,</subfield>
      <subfield code="e">printer.</subfield>
      <subfield code="4">prt</subfield>
      <subfield code="1">https://id.oclc.org/worldcat/entity/E39PBJfmpYy6vjB4RFQTxtvyh3</subfield>
    </datafield>
    <datafield tag="752" ind1=" " ind2=" ">
      <subfield code="a">Switzerland</subfield>
      <subfield code="d">Basel,</subfield>
      <subfield code="e">publication place.</subfield>
      <subfield code="4">pup</subfield>
    </datafield>
    <datafield tag="758" ind1=" " ind2=" ">
      <subfield code="a">Super V libros Decretalium (Text)</subfield>
      <subfield code="1">https://id.oclc.org/worldcat/entity/E39PD3vm93yYDPRK7B7XJrYmv3</subfield>
      <subfield code="4">https://id.oclc.org/worldcat/ontology/hasWork</subfield>
    </datafield>
    <datafield tag="936" ind1=" " ind2=" ">
      <subfield code="a">BATCHLOAD</subfield>
    </datafield>
  </record>